| 000 | 00815cam a2200229 a 4500 | ||
|---|---|---|---|
| 001 | 000004256 | ||
| 005 | 20200929151422.0 | ||
| 008 | 930901s1990 cu a 001 0 spa | ||
| 040 |
_aDO-SdBNP _cDLC _dDLC |
||
| 082 |
_a796.525091 _bN964m |
||
| 100 | 1 |
_aNúñez Jiménez, Antonio _d1923-1998. _912579 |
|
| 245 | 1 | 0 |
_aMedio siglo explorando a Cuba : _bhistoria documentada de la Sociedad Espeleológica de Cuba / _cAntonio Núñez Jiménez. |
| 260 |
_aLa Habana : _bCentral de las FAR, _c1990. |
||
| 300 |
_a2 v. : _bil. ; _c25 cm. |
||
| 504 | _aIncluye referencias bibliográficas. | ||
| 610 | 2 | 0 |
_aSOCIEDAD ESPELEOLÓGICA DE CUBA _xHISTORIA _912580 |
| 650 | 4 |
_aEspeleología _912581 |
|
| 650 | 4 |
_aGeografía física _912582 |
|
| 650 | 4 |
_aCuevas _zCuba _912583 |
|
| 910 | _aCatalogación por copia / LC | ||
| 910 | _aWM | ||
| 999 |
_c4070 _d4070 |
||